| 000 | 00510nam a22001817a 4500 | ||
|---|---|---|---|
| 005 | 20140814151244.0 | ||
| 010 | _aENG-110467 | ||
| 020 |
_a9789382536192 _c325.00 |
||
| 035 | _aEN-93999 | ||
| 037 | _bDBAD/PUB | ||
| 082 | _aN | ||
| 100 | _aBiswas, R.K. | ||
| 245 |
_aCulling myanahs and crows / _cby R.K. Biswas |
||
| 260 |
_aNew Delhi _bLiFi Publications _c2014 |
||
| 270 |
_a211, 2nd Floor, Gagandeep 12, Rajendra Place _bNew Delhi _e110008 |
||
| 300 |
_aviii,483p. _c22cm(pbk) |
||
| 942 |
_2ddc _cEN _hN _mBIS |
||
| 999 |
_c87900 _d87900 |
||